[Event "Foment Martinenc op-C 23rd"]
[Site "Barcelona"]
[Date "2023.05.20"]
[Round "5"]
[White "Rodrigo Yuste, Jose Antonio"]
[Black "Sadornil Garces, Sergio"]
[Result "0-1"]
[WhiteElo "1700"]
[BlackElo "1600"]
[PlyCount "80"]
[EventDate "2023.04.22"]
[EventType "swiss"]
[EventRounds "9"]
[EventCountry "ESP"]
[SourceTitle "EXT 2024"]
[Source "ChessBase"]
[SourceDate "2023.10.10"]
[SourceVersion "1"]
[SourceVersionDate "2023.10.10"]
[SourceQuality "1"]

1. d4 Nf6 2. Nc3 g6 3. Bf4 Bg7 4. e3 0-0 5. Bd3 d6 6. Nf3 Nc6 7. a3 Re8 8. d5 Nb8 9. 0-0 c6 10. e4 cxd5 11. exd5 Bg4 12. h3 Bxf3 13. Qxf3 Nbd7 14. Rfe1 Rc8 15. Ne2 Nb6 16. Bb5 Rf8 17. Nc3 a6 18. Bf1 Re8 19. a4 Kf8 20. Rad1 Qd7 21. b3 Nh5 22. Bd2 Nf6 23. Be3 Rxc3 24. Rd3 Rxd3 25. Bxd3 Nbxd5 26. Bd2 e6 27. c4 Ne7 28. Bb4 Nc6 29. Bc3 e5 30. Qe3 Ng8 31. Be4 Qc7 32. Rd1 Rd8 33. Qd2 Bh6 34. Qd3 Bg7 35. Qd5 Nf6 36. Qd3 Nxe4 37. Qxe4 Nd4 38. Rb1 f5 39. Qd5 Qc6 40. Bxd4 Qxd5 0-1

[Event "Foment Martinenc op-C 23rd"]
[Site "Barcelona"]
[Date "2023.05.06"]
[Round "3"]
[White "Fresneda Arias, Esther"]
[Black "Sadornil Garces, Sergio"]
[Result "1-0"]
[WhiteElo "1362"]
[BlackElo "1600"]
[PlyCount "35"]
[EventDate "2023.04.22"]
[EventType "swiss"]
[EventRounds "9"]
[EventCountry "ESP"]
[SourceTitle "EXT 2024"]
[Source "ChessBase"]
[SourceDate "2023.10.10"]
[SourceVersion "1"]
[SourceVersionDate "2023.10.10"]
[SourceQuality "1"]

1. e4 e5 2. Nf3 Nc6 3. Bc4 h6 4. Nc3 Nf6 5. 0-0 Bc5 6. d3 0-0 7. Qe2 d6 8. Be3 Bxe3 9. Qxe3 Bg4 10. h3 Bxf3 11. Qxf3 Na5 12. Bb3 Nxb3 13. axb3 a6 14. Rfe1 Qd7 15. Rad1 Qc6 16. g4 Rfe8 17. h4 g6 18. Qxf6 1-0

[Event "Foment Martinenc op-C 23rd"]
[Site "Barcelona"]
[Date "2023.04.29"]
[Round "2"]
[White "Sadornil Garces, Sergio"]
[Black "Agadzhanyan, Sonya"]
[Result "1-0"]
[WhiteElo "1600"]
[BlackElo "1453"]
[PlyCount "39"]
[EventDate "2023.04.22"]
[EventType "swiss"]
[EventRounds "9"]
[EventCountry "ESP"]
[SourceTitle "EXT 2024"]
[Source "ChessBase"]
[SourceDate "2023.10.10"]
[SourceVersion "1"]
[SourceVersionDate "2023.10.10"]
[SourceQuality "1"]

1. e4 e6 2. Nf3 d5 3. e5 c5 4. Be2 Nc6 5. 0-0 Nge7 6. d4 Ng6 7. c3 Bd7 8. Na3 Be7 9. Bd3 Nh4 10. Nxh4 Bxh4 11. Bb1 Be7 12. Nc2 0-0 13. Ne1 Qb6 14. Nf3 cxd4 15. Bxh7+ Kh8 16. Ng5 Bxg5 17. Bxg5 Nxe5 18. Qh5 g6 19. Bxg6+ Kg7 20. Qh7# 1-0

[Event "Foment Martinenc op-C 22nd"]
[Site "Barcelona"]
[Date "2022.06.11"]
[Round "8"]
[White "Canillas Peinado, Oliver"]
[Black "Sadornil Garces, Sergio"]
[Result "1/2-1/2"]
[WhiteElo "1391"]
[BlackElo "1700"]
[PlyCount "37"]
[EventDate "2022.04.23"]
[EventType "swiss"]
[EventRounds "9"]
[EventCountry "ESP"]
[SourceTitle "EXT 2023"]
[Source "ChessBase"]
[SourceDate "2022.10.05"]
[SourceVersion "1"]
[SourceVersionDate "2022.10.05"]
[SourceQuality "1"]

1. e4 e5 2. Nf3 Nc6 3. d4 exd4 4. Bc4 h6 5. c3 dxc3 6. Nxc3 Bb4 7. Qb3 Bxc3+ 8. Qxc3 f6 9. 0-0 d6 10. Be3 Qe7 11. Rfe1 Bd7 12. a4 0-0-0 13. Bxa7 Nxa7 14. Qa5 Kb8 15. b4 Nc6 16. Qd5 Nxb4 17. Qd2 c5 18. a5 Bc8 19. Nd4 1/2-1/2

[Event "Foment Martinenc op-C 22nd"]
[Site "Barcelona"]
[Date "2022.05.28"]
[Round "6"]
[White "Amat Davins, Biel"]
[Black "Sadornil Garces, Sergio"]
[Result "1/2-1/2"]
[WhiteElo "1461"]
[BlackElo "1700"]
[PlyCount "82"]
[EventDate "2022.04.23"]
[EventType "swiss"]
[EventRounds "9"]
[EventCountry "ESP"]
[SourceTitle "EXT 2023"]
[Source "ChessBase"]
[SourceDate "2022.10.05"]
[SourceVersion "1"]
[SourceVersionDate "2022.10.05"]
[SourceQuality "1"]

1. e4 e5 2. Nf3 Nc6 3. d4 exd4 4. Nxd4 Nxd4 5. Qxd4 Qf6 6. Qxf6 Nxf6 7. f3 Bc5 8. Bf4 c6 9. Bc4 0-0 10. Nc3 b5 11. Bd3 b4 12. Na4 Bd4 13. c3 bxc3 14. Nxc3 a5 15. 0-0-0 a4 16. Kc2 Bxc3 17. Kxc3 d5 18. Be5 Nd7 19. Bd6 Re8 20. Rhe1 Nf6 21. e5 Nh5 22. g3 Be6 23. f4 d4+ 24. Kxd4 Bxa2 25. Be2 g6 26. Bxh5 gxh5 27. Rc1 Rac8 28. Kc5 Kg7 29. Rg1 f6 30. Rcd1 fxe5 31. Bxe5+ Kf7 32. Rd7+ Re7 33. Rxe7+ Kxe7 34. Bd6+ Kf7 35. Re1 Be6 36. Re5 h4 37. f5 Bd5 38. Re7+ Kf6 39. Rxh7 hxg3 40. hxg3 Kxf5 41. Ra7 Bb3 1/2-1/2